<?xml version="1.0" encoding="UTF-8"?><collection xmlns="info:lc/xmlns/marcxchange-v2"><record format="Unimarc" type="bibliographic"><leader>00669cam  2200217   450 </leader><controlfield tag="001">1816321</controlfield><controlfield tag="003">http://id.bnportugal.gov.pt/bib/porbase/1816321</controlfield><controlfield tag="005">20030530180000.0</controlfield><datafield ind1=" " ind2=" " tag="010"><subfield code="a">0-691-00067-0</subfield></datafield><datafield ind1=" " ind2=" " tag="035"><subfield code="6">63405</subfield></datafield><datafield ind1=" " ind2=" " tag="095"><subfield code="a">PTBN00875137</subfield></datafield><datafield ind1=" " ind2=" " tag="100"><subfield code="a">19950106d1994    k  y0pory0103    ba</subfield></datafield><datafield ind1="1" ind2=" " tag="101"><subfield code="a">eng</subfield></datafield><datafield ind1=" " ind2=" " tag="102"><subfield code="a">US</subfield></datafield><datafield ind1="1" ind2=" " tag="200"><subfield code="a">&lt;A &gt;Spinoza reader</subfield><subfield code="e">&lt;the &gt;Ethics and other works</subfield><subfield code="f">edited and translated by Edwin Curley</subfield></datafield><datafield ind1=" " ind2=" " tag="210"><subfield code="a">Princeton (NJ)</subfield><subfield code="c">Princeton University Press</subfield><subfield code="d">1994</subfield></datafield><datafield ind1=" " ind2=" " tag="215"><subfield code="a">XXXV, 280 p.</subfield></datafield><datafield ind1=" " ind2=" " tag="675"><subfield code="a">176</subfield><subfield code="v">med</subfield><subfield code="z">por</subfield><subfield code="3">290312</subfield></datafield><datafield ind1=" " ind2="1" tag="700"><subfield code="a">Espinosa</subfield><subfield code="b">Bento de</subfield><subfield code="f">1632-1677</subfield><subfield code="3">92229</subfield></datafield><datafield ind1=" " ind2="1" tag="702"><subfield code="a">Curley</subfield><subfield code="b">Edwin</subfield><subfield code="4">340</subfield><subfield code="3">1447056</subfield></datafield><datafield ind1=" " ind2="0" tag="801"><subfield code="a">PT</subfield><subfield code="b">BN</subfield><subfield code="g">RPC</subfield></datafield><datafield ind1=" " ind2=" " tag="977"><subfield code="1">LC-17-3</subfield><subfield code="2">coop</subfield><subfield code="4">UAVSD</subfield><subfield code="6">mq1063242</subfield><subfield code="7">bc</subfield><subfield code="8">coop</subfield><subfield code="9">UAVSD</subfield><subfield code="b">81246</subfield><subfield code="k">0</subfield></datafield><datafield ind1=" " ind2=" " tag="998"><subfield code="a">UAV70-358</subfield></datafield></record></collection>